00391nam a22001217a 4500008004100000020001800041082001600059110000900075245010500084260006400189300001000253440000600263230602b xxu||||| |||| 00| 0 eng d a9789966044075 a305.9bNCIC d2015 aEthic and Diversity Audit of the County Public ServicecNational Cohesion and Integration Commission aNairobibNational Cohesion and Integration Commissionc2015 a210 p n2